00922cam a2200253 a 450000100100000000500170001000800410002702000150006804000340008308200170011710000570013424500400019126000530023130000210028449000440030565000280034965000310037765000270040883000520043591000340048704900090052195201210053099900170065100001391520200929163410.0930514s1991 sp 000 f spa d a8432070262 aDO-SdBNPbspacWUdDLCdBNPHU a863.6bR333m1 aRegás, Rosa,d1933-q(Rosa Regás Pagés)93154010aMemoria de Almator /cRosa Regás. aBarcelona, España :bEditorial Planeta,c1991. a405 p. ;c21 cm.1 aAutores españoles e hispanoamericanos 4aNovela española91123 4aLiteratura española9632 4aFamiliaxNovela931541 0aAutores españoles e hispanoamericanos ;95042 aCatalogación por copia / LC aBNGR 001052708MOaGRbGRcCTd2009-12-01iLF1l0o863.6 R333mp13915-10r2020-06-25w2020-06-25y2ZPréstamo interno c13520d13520